000 00756nam a2200253Ia 4500
003 GCL
008 140319s9999 xx 000 0 ara d
040 _aGCL /
_cGCL
082 0 4 _a690.86
_bم م
100 1 _aمحمد فريد ابوالعلا
245 1 0 _aالمسكن الريفى المصرى /
_cمحمد فريد ابوالعلا
260 _a[S.N] :
_bعالم الكتب الحديث ،
_c1990
300 _a231 ص
490 _a
650 0 4 _aمصر
650 0 4 _aالتصميم الانشائى
650 0 4 _aالعمارة
650 0 4 _aالرسم المعمارى
650 0 4 _aالعمارة المنزلية
650 0 4 _aالقرى
650 0 4 _aالقرية
650 0 4 _aالمساكن الريفية
942 _2ddc
_cBK
999 _c32959
_d32959